LIBRARY & INFORMATION CENTRE, KCAET, TAVANUR

ONLINE PUBLIC ACCESS CATALOGUE (OPAC)

Robotics In Agriculture (Record no. 17535)

MARC details
000 -LEADER
fixed length control field 00761nam a22002177a 4500
003 - CONTROL NUMBER IDENTIFIER
control field OSt
008 - FIXED-LENGTH DATA ELEMENTS--GENERAL INFORMATION
fixed length control field 220727b |||||||| |||| 00| 0 eng d
020 ## - INTERNATIONAL STANDARD BOOK NUMBER
ISBN 9390591392
020 ## - INTERNATIONAL STANDARD BOOK NUMBER
ISBN 9789390591398
082 ## - DEWEY DECIMAL CLASSIFICATION NUMBER
Classification number 629.892
Item number RAJ/RO
100 ## - MAIN ENTRY--AUTHOR NAME
Personal name Rajesh Singh
100 ## - MAIN ENTRY--AUTHOR NAME
Personal name Anita Gehlot
100 ## - MAIN ENTRY--AUTHOR NAME
Personal name Mahendra Swain
100 ## - MAIN ENTRY--AUTHOR NAME
Personal name Nitish Katal
245 ## - TITLE STATEMENT
Title Robotics In Agriculture
260 ## - PUBLICATION, DISTRIBUTION, ETC. (IMPRINT)
Place of publication New Delhi
Name of publisher New India Publishing Agency
Year of publication 2021
300 ## - PHYSICAL DESCRIPTION
Number of Pages 107p
505 ## - FORMATTED CONTENTS NOTE
Formatted contents note Robotics, Agricultural industries -- Automation, Robots, Industrial.
856 ## - ELECTRONIC LOCATION AND ACCESS
Uniform Resource Identifier <a href="https://books.google.co.in/books?id=m3psEAAAQBAJ&pg=PP4&dq=robotics+in+agriculture&source=gbs_selected_pages&cad=2#v=onepage&q=robotics%20in%20agriculture&f=false">https://books.google.co.in/books?id=m3psEAAAQBAJ&pg=PP4&dq=robotics+in+agriculture&source=gbs_selected_pages&cad=2#v=onepage&q=robotics%20in%20agriculture&f=false</a>
942 ## - ADDED ENTRY ELEMENTS (KOHA)
Koha item type Books
Holdings
Withdrawn status Lost status Damaged status Home library Current library Shelving location Date acquired Source of acquisition Cost, normal purchase price Full call number Accession Number Koha item type
      KAUAET KAUAET KAU- SC Sub plan 27/07/2022 TBS 1995.00 629.892 RAJ/RO 26073 Books
free website counter